000 01179nam0a2200313 4500
001 RU\NLR\bibl\936438
005 20250614193759.0
010 _a5-93972-478-7
021 _aRU
_b2006-13341
_9653
035 _a(NLR Aleph) 000924638
090 _a121624
_c121624
100 _a20060420d2005 |||y0rusy50 ca
101 0 _arus
102 _aRU
105 _ay |||||||||
200 1 _aСтановление тринитарного мышления
_fР.Г. Баранцев
210 _aМосква
_aИжевск
_cРХД
_cR&C Dynamics
_d2005
215 _a123 с.
_d20
225 1 _aИнтернет-магазин MATHESIS
_iФизика, математика, биология, нефтегазовые технологии
320 _aБиблиогр.: с. 105-123 (209 назв.)
606 1 _aСоциальные системы
_92077871
_3RU\NLR\auth\661253625
686 _aС508.0
700 1 _4070
_7ca
_8rus
_aБаранцев
_bР. Г.
_f1931-
_gРэм Георгиевич
_9160080
_3RU\NLR\AUTH\770160121
801 0 _aRU
_bNLR
_c20060420
_grcr
801 1 _aRU
_bNLR
_c20060420
830 _aАвт. по кн.
942 _cBOOK
980 _aNB